<?xml version="1.0" encoding="UTF-8"?>
<collection xmlns="http://www.loc.gov/MARC21/slim">
 <record>
  <leader>01304nam a22001937a 4500</leader>
  <controlfield tag="001">NCT_82082</controlfield>
  <controlfield tag="008">200617b        xxu||||| |||| 00| 0 vie d</controlfield>
  <datafield tag="999" ind1=" " ind2=" ">
   <subfield code="c">4035</subfield>
   <subfield code="d">4035</subfield>
  </datafield>
  <datafield tag="020" ind1=" " ind2=" ">
   <subfield code="a">9786048033989</subfield>
   <subfield code="c">120000</subfield>
  </datafield>
  <datafield tag="082" ind1="0" ind2="4">
   <subfield code="2">23rd ed.</subfield>
   <subfield code="a">330.01</subfield>
   <subfield code="b">H378</subfield>
  </datafield>
  <datafield tag="100" ind1="1" ind2=" ">
   <subfield code="a">Heiss, Florian</subfield>
  </datafield>
  <datafield tag="245" ind1="1" ind2="0">
   <subfield code="a">Nhập môn kinh tế lượng với R :</subfield>
   <subfield code="b">Using R for introductory econometrics</subfield>
   <subfield code="n">Tập 1</subfield>
   <subfield code="c">Florian Heiss; Trường Đại học Kinh tế Tp. Hồ Chí Minh. Khoa Toán - Thống kê. Bộ môn Toán kinh tế (Dịch)</subfield>
  </datafield>
  <datafield tag="260" ind1=" " ind2=" ">
   <subfield code="a">H.</subfield>
   <subfield code="b">Thông tin và truyền thông</subfield>
   <subfield code="c">2018</subfield>
  </datafield>
  <datafield tag="300" ind1=" " ind2=" ">
   <subfield code="a">251 tr.</subfield>
   <subfield code="b">Minh họa</subfield>
   <subfield code="c">27cm</subfield>
  </datafield>
  <datafield tag="520" ind1="3" ind2=" ">
   <subfield code="a">Nhập môn kinh tế lượng với R (tập 1) được biên dịch từ quyển Using R For Introductory Econometrics của Florian Heiss. Quyển sách này được giới thiệu về phần mềm R và các chủ đề cơ bản của kinh tế lượng dựa trên quyển Introductory Econometrics của Jeffrey M. Wooldridge.</subfield>
  </datafield>
  <datafield tag="653" ind1=" " ind2=" ">
   <subfield code="a">Quản trị kinh doanh</subfield>
  </datafield>
  <datafield tag="942" ind1=" " ind2=" ">
   <subfield code="2">ddc</subfield>
   <subfield code="c">BK</subfield>
  </datafield>
  <datafield tag="952" ind1=" " ind2=" ">
   <subfield code="0">0</subfield>
   <subfield code="1">0</subfield>
   <subfield code="2">ddc</subfield>
   <subfield code="4">0</subfield>
   <subfield code="6">330_010000000000000_H378</subfield>
   <subfield code="7">0</subfield>
   <subfield code="9">19853</subfield>
   <subfield code="a">000001</subfield>
   <subfield code="b">000001</subfield>
   <subfield code="d">2020-06-17</subfield>
   <subfield code="o">330.01 H378</subfield>
   <subfield code="p">MD.17217</subfield>
   <subfield code="r">2020-06-17</subfield>
   <subfield code="v">120000.00</subfield>
   <subfield code="w">2020-06-17</subfield>
   <subfield code="y">BK</subfield>
  </datafield>
  <datafield tag="980" ind1=" " ind2=" ">
   <subfield code="a">Thư viện Trường Đại học Nam Cần Thơ</subfield>
  </datafield>
 </record>
</collection>
